000 00599nam a22001457a 4500
005 20241011112748.0
008 241011b |||||||| |||| 00| 0 eng d
100 _aNeumann, Michelle M.
_eauthor.
_962837
245 _aYoung children and youtube :
_ba global phenomenon /
_cMichelle M. Neumann, and Christothea Herodotou.
260 _aWashington;
_bTaylor & Francis Group,
_cJuly-August 2020.
300 _aVolume 96, pages 72-80,
_billustration.
700 _aNeumann, Michelle M.
_eauthor.
_962836
_cChristothea Herodotou.
700 _aHerodotou, Christothea.
_eauthor.
_962838
942 _2ddc
_cPER
999 _c22508
_d22508